| 000 | 00587nam a2200205 a 4500 | ||
|---|---|---|---|
| 005 | 20240924065833.0 | ||
| 008 | 010606s2001 r 000 0 eng d | ||
| 020 | _a8427713517 | ||
| 035 | _aUPN01000107692 | ||
| 049 | _aCG | ||
| 050 | 4 |
_aLB1675 _bL6.3 |
|
| 100 | 1 |
_aLópez Cubino, Rafael _929059 |
|
| 245 | 1 | 3 |
_aEl área de tecnología en secundaria / _cRafael López Cubino. |
| 260 |
_aMadrid : _bNarcea, _c2001. |
||
| 300 | _a222 p. | ||
| 440 | 0 | _aSecundaria para todos | |
| 650 | 4 |
_aEnseñanza técnica _99074 |
|
| 650 | 4 |
_aEDUCACION SECUNDARIA - _zESPAÑA _98081 |
|
| 905 | _aLibro | ||
| 999 |
_c81604 _d81604 |
||